| 000 | 00864cam4a220019300 4500 | ||
|---|---|---|---|
| 001 | qce00031134 | ||
| 005 | 20190826090509.0 | ||
| 008 | 770808s1976 ru 000 0 eng d | ||
| 035 | _a(Sirsi) r16264 | ||
| 035 | _a(QCAT)lss01678014 | ||
| 035 | _a(UPRA)qce00031134 | ||
| 040 | _dUPRA | ||
| 100 | 1 |
_aKuprin, A. I. (Aleksandr Ivanovich), 1870-1938. _qKuprin, A. I. (Aleksandr Ivanovich), 1870-1938. _dKuprin, A. I. (Aleksandr Ivanovich), 1870-1938. _6A73600.1 |
|
| 245 | 1 | 4 |
_aThe garnet bracelet, and other stories / _cAlexander Kuprin ; [translated from the Russian by Stepan Apresyan]. |
| 260 |
_aMoscow : _bForeign Languages Pub. House, _c[1976?]. |
||
| 505 | 0 | _aMolosh -- Olesya -- Night duty -- The white people -- I was an actor -- The gambrinus -- Emerald -- The garnet bracelet. | |
| 949 |
_aPG3467.K8 _wlcc _i-11199 _mMAIN _tBOOK _lON-SHELF |
||
| 004 | 16264 | ||
| 999 |
_c159224 _d159224 |
||